000 00580nam a22001817a 4500
003 UA-OsUOA
001 12341
007 ta
008 20050513b un ||||| |||| 00| 0 ukr d
100 _aГільмутдінова Л.
942 _cSA
040 _aUA-OsUOA
_cUA-OsUOA
_dUA-OsUOA
245 _aСтрахові виплати потерпілим на виробництві : [Відповіді на запитання]
300 _aС.19
955 _a0
773 0 _w0
_tПраця і зарплата
_dКиїв
_d2005
_g№17
650 7 _aПодаткове право
_2UDC
999 _c298502
_d298502